Normal view MARC view
  • Freeman, Marcia S.

Entry Nombre Personal

Number of records used in: 2

001 - NUMERO DE CONTROL

  • campo de control: 41867

003 - IDENTIFICADOR DE NUMERO DE CONTROL

  • campo de control: UPN

005 - FECHA Y HORA DE LA ÜLTIMA TRANSACCIÓN

  • campo de control: 20210219194613.0

008 - DATOS DE LONGITUD FIJA

  • campo de control de longitud fija: nabaccnnaabn|||||||||| b |nc|||||d

035 ## - NUMERO DE CONTROL

  • Número de control: UPN11000013974

040 ## - FUENTE DE CATALOGACIÓN

  • Lenguaje de catalogación: SPA
  • Agencia de transcripción: UPN

100 1# - ENCABEZAMIENTO - NOMBRE PERSONAL

  • Nombre personal: Freeman, Marcia S.

670 ## - FUENTE EN LA QUE SE LOCALIZARON DATOS

  • Cita de la fuente: T
  • Uniform Resource Identifier: https://translate.google.com.mx/translate?hl=es-419&sl=en&u=http://www.capstonepub.com/classroom/authors/freeman-marcia-s/idev/itemtype_6-pack/&prev=search

680 ## - NOTA PUBLICA DE ACCESO PÚBLICO

  • Frase explicativa de la referencia: Consultora y autora de educación de escritura reconocida internacionalmente, cuyos libros profesionales y el programa de escritura CraftPlus ayudan a los distritos de todo el país a implementar programas de instrucción de escritura K-8

902 ## - CATALOGADOR

  • Catalogador: EMR/191018